| 000 | 00633cam a2200193 a 4500 | ||
|---|---|---|---|
| 001 | 000006168 | ||
| 005 | 20200929151946.0 | ||
| 008 | 850718s1984 pr 000 p spa | ||
| 040 |
_aDO-SdBNP _bspa _cBNPHU |
||
| 082 |
_aPR861.44 _bM433v |
||
| 100 | 1 |
_aMatos Paoli, Francisco, _d1915-2000. _99173 |
|
| 245 | 1 | 0 |
_aVestido para la desnudez / _cFrancisco Matos Paoli. |
| 260 |
_aSan Juan, Puerto Rico : _bMairena, _c1984. |
||
| 300 |
_a160 p. ; _c21 cm. |
||
| 650 | 4 |
_aPoesía puertorriqueña _91015 |
|
| 650 | 4 |
_aLiteratura puertorriqueña _9250 |
|
| 650 | 4 |
_aLiteratura latinoamericana _94717 |
|
| 910 | _aValidado. Control de calidad MFF | ||
| 999 |
_c5964 _d5964 |
||